| 000 | 00818cam a2200229 a 4500 | ||
|---|---|---|---|
| 001 | 000005112 | ||
| 005 | 20200929151601.0 | ||
| 008 | 810226s1966 pr 000 0 spa | ||
| 010 | _a74225185 | ||
| 040 |
_aDO-SdBNP _cCarP _dDLC |
||
| 082 |
_aPR861.08 _bA473a |
||
| 100 | 1 |
_aAlvarez Marrero, Francisco, _d1847-1881 _914653 |
|
| 245 | 1 | 0 |
_aAntologia / _cFrancisco Alvarez Marrero; Seleccion notas y prologo de: Cesareo Rosa-Nieves. |
| 260 |
_a[San Juan, P.R.] : _bAteneo Puertorriqueno, _c[1966]. |
||
| 300 |
_a103 p. ; _c22 cm. |
||
| 440 | 0 |
_aCuaderno de poesía _v19 _914654 |
|
| 610 | 1 | 4 |
_aALVAREZ MARRERO, FRANCISCO _d1847-1881 _914655 |
| 650 | 4 |
_aPoesía puertorriqueña _91015 |
|
| 650 | 4 |
_aLiteratura puertorriqueña _9250 |
|
| 700 | 1 |
_aRosa-Nieves, Cesario _eprol. _914656 |
|
| 910 | _aCatalogación por copia / LC | ||
| 999 |
_c4915 _d4915 |
||